Statistiques concernant Culture Générale - Série 1399

Cliquez ici pour prendre le quiz!

Statistiques générales

  • Ce quiz a été pris 54 fois
  • Le résultat moyen est 8 sur 10

Statistiques - réponses

QuestionRéponse% Correct
Pour quel instrument de musique Franz Liszt a-t-il composé ses 19 “Rhapsodies hongroises” ?piano
98%
Quelle coiffure de rocker porte le nom d'un fruit oblong, de couleur jaune ?banane
96%
Quelle universtité parisienne a été fondée au XIIIe siècle par Robert de Sorbon ?Sorbonne
96%
On dit d'une personne qui s'affole qu'elle perd son sang-...froid
96%
Par opposition aux Sudistes, quel mot désignait les Yankees fédérés, durant la guerre de Sécession ?Nordistes
88%
Quel pays est à la fois frontalier de la Finlande et de l'Ukraine ?Russie
83%
Quel est le nom donné à la grande cloche de la tour de l'horloge du Palais de Westminster, à Londres ?Big Ben
81%
Sous quel nom de famille le couple de résistants Lucie et Raymond Samuel est-il entré dans l'Histoire ?Aubrac
69%
Quel poète est incarné par Laurent Malet, dans le téléfilm “L'Homme aux semelles de vent” ?Arthur Rimbaud
46%
Dans quel pays se sont tenus les Jeux olympiques de l'an 2000 ?Australie
38%

Distribution des résultats

Percentile par nombre de réponses

% des personnes avec chaque résultat

Votre développement - résultats

Vous n’avez pas pris ce quiz